[Event "St Petersburg June op"]
[Site "St Petersburg"]
[Date "2008.06.28"]
[Round "8"]
[White "Gavrikov, Viktor1"]
[Black "Gugnin, Rostislav Serafimov"]
[Result "0-1"]
[WhiteElo "1678"]
[BlackElo "2032"]
[PlyCount "64"]
[EventDate "2008.06.21"]
[EventType "swiss"]
[EventRounds "9"]
[EventCountry "RUS"]
[SourceTitle "CBM 125 Extra"]
[Source "ChessBase"]
[SourceDate "2008.09.01"]
[SourceVersion "1"]
[SourceVersionDate "2008.09.01"]
[SourceQuality "1"]

1. Nf3 d5 2. g3 g6 3. d4 Bg7 4. c3 Nf6 5. Bg2 0-0 6. 0-0 Nbd7 7. Na3 c6 8. Nc2 Ne4 9. Nfe1 f5 10. f4 e6 11. Nb4 h6 12. Nbd3 Kh7 13. Nf3 Qb6 14. Be3 Ndf6 15. Kh1 Bd7 16. Bg1 Rfc8 17. Rb1 a5 18. Nfe5 Re8 19. Bxe4 dxe4 20. Nc5 Bc8 21. d5 cxd5 22. Nxe4 Qc7 23. Nxf6+ Bxf6 24. Bd4 Bxe5 25. Bxe5 Qc4 26. b3 Qe4+ 27. Rf3 d4 28. cxd4 Bd7 29. Kg1 Bb5 30. Re3 Qxe3+ 31. Kf1 Rac8 32. a4 Ba6 0-1

[Event "St Petersburg June op"]
[Site "St Petersburg"]
[Date "2008.06.21"]
[Round "1"]
[White "Feofanov, Denis"]
[Black "Gugnin, Rostislav Serafimov"]
[Result "0-1"]
[WhiteElo "2380"]
[BlackElo "2032"]
[PlyCount "106"]
[EventDate "2008.06.21"]
[EventType "swiss"]
[EventRounds "9"]
[EventCountry "RUS"]
[SourceTitle "CBM 125 Extra"]
[Source "ChessBase"]
[SourceDate "2008.09.01"]
[SourceVersion "1"]
[SourceVersionDate "2008.09.01"]
[SourceQuality "1"]

1. Nf3 d5 2. g3 g6 3. Bg2 Bg7 4. 0-0 e5 5. d3 Ne7 6. e4 dxe4 7. dxe4 Qxd1 8. Rxd1 0-0 9. Nc3 Nbc6 10. Nb5 Bg4 11. c3 Rac8 12. h3 Be6 13. Ng5 Bc4 14. Na3 Be2 15. Rd2 Ba6 16. b4 b5 17. Bf1 h6 18. Nf3 f5 19. Nxb5 fxe4 20. Nh4 e3 21. Bc4+ Kh8 22. Rc2 g5 23. Ng2 exf2+ 24. Rxf2 e4 25. Ne3 Ne5 26. Be2 Bxb5 27. Bxb5 Nf3+ 28. Kg2 Ne1+ 29. Kf1 Rxf2+ 30. Kxf2 Bxc3 31. Rb1 Rf8+ 32. Ke2 Nf3 33. Nc2 c6 34. Ba4 Nd4+ 35. Nxd4 Bxd4 36. Be3 Bxe3 37. Kxe3 Rf3+ 38. Kxe4 Rxg3 39. Rd1 Kg7 40. Rd7 Kf8 41. Ke5 Rxh3 42. Rxa7 g4 43. Bd1 h5 44. a4 Rh1 45. Rd7 Re1+ 46. Kf4 Nd5+ 47. Rxd5 cxd5 48. Bc2 Ke7 49. a5 Kd6 50. a6 Kc6 51. Bg6 Kb6 52. Bxh5 Re4+ 53. Kf5 Kxa6 0-1

[Event "St Petersburg White Nights op"]
[Site "St Petersburg"]
[Date "2007.07.03"]
[Round "9"]
[White "Kudriavtsev, Yury"]
[Black "Gugnin, Rostislav Serafimov"]
[Result "1/2-1/2"]
[WhiteElo "1937"]
[BlackElo "2039"]
[PlyCount "192"]
[EventDate "2007.06.25"]
[EventType "swiss"]
[EventRounds "9"]
[EventCountry "RUS"]
[SourceTitle "CBM 119 Extra"]
[Source "ChessBase"]
[SourceDate "2007.09.04"]
[SourceVersion "1"]
[SourceVersionDate "2007.09.04"]
[SourceQuality "1"]

1. e4 d6 2. d4 Nf6 3. Nc3 g6 4. f4 Bg7 5. Nf3 c5 6. dxc5 Qa5 7. Bd2 Qxc5 8. Bb5+ Nc6 9. Qe2 0-0 10. Bd3 Bg4 11. h3 Nd4 12. Qf2 Nxf3+ 13. gxf3 Qxf2+ 14. Kxf2 Be6 15. a3 Rfc8 16. f5 Bc4 17. fxg6 hxg6 18. Bg5 Bxd3 19. cxd3 Nh5 20. Rac1 e6 21. Be3 b6 22. f4 Kh7 23. Kf3 d5 24. e5 f6 25. d4 fxe5 26. fxe5 Rf8+ 27. Kg2 Bh6 28. Bxh6 Kxh6 29. Ne2 Rac8 30. Rc3 Rxc3 31. bxc3 Kg5 32. Rd1 Nf4+ 33. Nxf4 Rxf4 34. Kg3 Re4 35. Kf3 Kh4 36. Rg1 g5 37. a4 Rf4+ 38. Ke3 Rf7 39. Rg4+ Kh5 40. Rg1 Rc7 41. Kd3 Rc6 42. Rf1 Kh4 43. Rf3 Rc4 44. Rf6 Kxh3 45. Rxe6 g4 46. Rh6+ Kg2 47. e6 Rc7 48. Rf6 g3 49. Rf7 Rc8 50. e7 Re8 51. c4 dxc4+ 52. Kxc4 Kh1 53. d5 g2 54. Rh7+ Kg1 55. d6 Kf1 56. Rf7+ Ke2 57. Rg7 Kf2 58. d7 Rxe7 59. Rxg2+ Kxg2 60. d8Q Rg7 61. Qd5+ Kf1 62. Kb5 Rc7 63. Qd3+ Kf2 64. Qe4 Rc5+ 65. Kb4 Ra5 66. Kc3 Rc5+ 67. Kd2 Kg3 68. Ke2 Ra5 69. Qf3+ Kh4 70. Qf6+ Kg4 71. Qf3+ Kg5 72. Qe4 Kf6 73. Kd3 Kf7 74. Kc3 Kf6 75. Kb4 Kf7 76. Kb3 Kf6 77. Qe8 Kf5 78. Ka3 Kf6 79. Kb4 Kg7 80. Qe7+ Kg6 81. Qf8 Kg5 82. Qf7 Kg4 83. Qf6 Kg3 84. Qf7 Kg4 85. Kb3 Kg5 86. Ka3 Kg4 87. Qf6 Kg3 88. Kb4 Kg4 89. Qf1 Kg5 90. Qb5+ Kf6 91. Qxa5 bxa5+ 92. Kxa5 Ke7 93. Ka6 Kd7 94. Kxa7 Kc7 95. a5 Kc8 96. a6 Kc7 1/2-1/2

[Event "St Petersburg White Nights op"]
[Site "St Petersburg"]
[Date "2007.07.01"]
[Round "7"]
[White "Gugnin, Rostislav Serafimov"]
[Black "Smirnov, Vladimir G"]
[Result "1/2-1/2"]
[WhiteElo "2039"]
[BlackElo "1891"]
[PlyCount "72"]
[EventDate "2007.06.25"]
[EventType "swiss"]
[EventRounds "9"]
[EventCountry "RUS"]
[SourceTitle "CBM 119 Extra"]
[Source "ChessBase"]
[SourceDate "2007.09.04"]
[SourceVersion "1"]
[SourceVersionDate "2007.09.04"]
[SourceQuality "1"]

1. e4 d5 2. exd5 Nf6 3. Nc3 Nxd5 4. Bc4 Be6 5. Qf3 c6 6. Nge2 Nc7 7. Bxe6 Nxe6 8. 0-0 g6 9. d4 Bg7 10. Rd1 Qa5 11. d5 Nc7 12. b4 Qa6 13. Rb1 0-0 14. dxc6 Qxc6 15. b5 Qxf3 16. gxf3 e5 17. Ba3 Rc8 18. Bb4 h5 19. Nd5 Nxd5 20. Rxd5 a6 21. a4 axb5 22. axb5 Ra2 23. Rc1 Bh6 24. Bd2 Bxd2 25. Rxd2 Kg7 26. Kf1 Rb2 27. Rd5 Kf6 28. c3 Ke6 29. Rcd1 Rb1 30. Rxe5+ Kxe5 31. Rxb1 Nd7 32. Rb4 f5 33. f4+ Ke6 34. f3 Nb6 35. Ke1 Nd5 36. Rb3 Rc4 1/2-1/2

[Event "St Petersburg White Nights op"]
[Site "St Petersburg"]
[Date "2007.06.26"]
[Round "2"]
[White "Serov, Maksim"]
[Black "Gugnin, Rostislav Serafimov"]
[Result "1-0"]
[WhiteElo "2265"]
[BlackElo "2039"]
[PlyCount "93"]
[EventDate "2007.06.25"]
[EventType "swiss"]
[EventRounds "9"]
[EventCountry "RUS"]
[SourceTitle "CBM 119 Extra"]
[Source "ChessBase"]
[SourceDate "2007.09.04"]
[SourceVersion "1"]
[SourceVersionDate "2007.09.04"]
[SourceQuality "1"]

1. d4 Nf6 2. c4 g6 3. f3 Bg7 4. e4 d6 5. Be3 Nbd7 6. Nc3 e5 7. Nh3 0-0 8. Be2 c6 9. 0-0 a6 10. Nf2 Nh5 11. dxe5 dxe5 12. Nd3 f5 13. c5 Qe7 14. Kh1 f4 15. Bf2 Bf6 16. Qe1 Kh8 17. b4 Rd8 18. Na4 Nf8 19. Nb6 Rb8 20. Nc4 Ne6 21. Nd6 Nd4 22. Bd1 Nb5 23. Nxc8 Rbxc8 24. Nb2 Nd4 25. Nc4 Rc7 26. Rc1 Bg5 27. Rc3 Nb5 28. Rb3 Rcd7 29. Be2 Nd4 30. Rb2 Nxe2 31. Rxe2 Bf6 32. Nd6 Qe6 33. Qc3 Be7 34. Qxe5+ Qxe5 35. Nf7+ Kg7 36. Nxe5 Rd1 37. Kg1 R1d2 38. Rfe1 Rxe2 39. Rxe2 Rd1+ 40. Re1 Rd2 41. a3 Bf6 42. Nc4 Rc2 43. Nd6 Bc3 44. Rb1 Ra2 45. Nxb7 Rxa3 46. Nd8 Bxb4 47. Bd4+ 1-0

[Event "St Petersburg-ch Seniors"]
[Site "St Petersburg"]
[Date "2007.04.02"]
[Round "7"]
[White "Ketslakh, Anatolij"]
[Black "Gugnin, Rostislav Serafimov"]
[Result "1-0"]
[WhiteElo "2226"]
[BlackElo "2039"]
[PlyCount "111"]
[EventDate "2007.03.19"]
[EventType "swiss"]
[EventRounds "9"]
[EventCountry "RUS"]
[SourceTitle "EXT 2010"]
[Source "ChessBase"]
[SourceDate "2010.11.25"]
[SourceVersion "1"]
[SourceVersionDate "2010.11.25"]
[SourceQuality "1"]

1. d4 Nf6 2. c4 d6 3. Nf3 Nbd7 4. Bf4 c6 5. Nc3 Nh5 6. Bd2 e5 7. e4 g6 8. g3 Bg7 9. Be3 Qa5 10. Be2 0-0 11. 0-0 Ndf6 12. dxe5 dxe5 13. Nd2 Bh3 14. Re1 Rfd8 15. a3 Qc7 16. c5 Nf4 17. f3 Nxe2+ 18. Qxe2 Be6 19. Nc4 Rd7 20. Rad1 Rad8 21. b4 h6 22. Kf2 Bxc4 23. Qxc4 Rxd1 24. Rxd1 Rxd1 25. Nxd1 Qd7 26. Nb2 g5 27. g4 Ne8 28. Ke2 Kf8 29. Qd3 Ke7 30. Nc4 Qxd3+ 31. Kxd3 Kd7 32. Bf2 f6 33. Ne3 Bf8 34. Nf5 Nc7 35. Kc4 a6 36. a4 Ke6 37. h4 Kd7 38. h5 Ke6 39. Ng3 Kd7 40. Ne2 Ne6 41. b5 cxb5+ 42. axb5 Nc7 43. bxa6 bxa6 44. Nc3 Kc6 45. Nd5 Ne6 46. Nb4+ Kb7 47. Be3 a5 48. Nd5 Kc6 49. Nxf6 Nxc5 50. Bd2 Bg7 51. Nd5 Nb7 52. Ne7+ Kd7 53. Nf5 Bf8 54. Kb5 Nd6+ 55. Kxa5 Nf7 56. Kb5 1-0

[Event "St Petersburg White Nights op"]
[Site "St Petersburg"]
[Date "2006.06.27"]
[Round "5"]
[White "Zakharov, Yuri Vasilievich"]
[Black "Gugnin, Rostislav Serafimov"]
[Result "1-0"]
[WhiteElo "1996"]
[BlackElo "2088"]
[PlyCount "73"]
[EventDate "2006.06.23"]
[EventType "swiss"]
[EventRounds "9"]
[EventCountry "RUS"]
[SourceTitle "CBM 112 Extra"]
[Source "ChessBase"]
[SourceDate "2006.07.14"]
[SourceVersion "1"]
[SourceVersionDate "2006.07.14"]
[SourceQuality "1"]

1. Nf3 Nf6 2. g3 g6 3. Bg2 Bg7 4. d3 d6 5. 0-0 Nc6 6. Nbd2 0-0 7. e4 e5 8. Re1 Be6 9. c3 Qc8 10. Ng5 Bg4 11. Qc2 h6 12. Ngf3 Bh3 13. Nf1 Kh7 14. Nh4 Ne7 15. Bh1 g5 16. Ng2 Ng6 17. Nfe3 h5 18. d4 Bh6 19. Nf5 Rg8 20. Nxh6 Kxh6 21. Bxg5+ Kg7 22. dxe5 dxe5 23. Nh4 Nh7 24. Nxg6 Kxg6 25. Bh4 Qe6 26. Bf3 f6 27. Qe2 Bg4 28. Bxg4 hxg4 29. f3 gxf3 30. Qxf3 Rad8 31. Rad1 Qxa2 32. Qf5+ Kg7 33. Rd7+ Rxd7 34. Qxd7+ Qf7 35. Rd1 Nf8 36. Bxf6+ Kg6 37. Qf5+ 1-0